जनसंख्या, पर्यावरण एवं विकास / (Record no. 120773)

MARC details
000 -LEADER
fixed length control field 01245nam a22002657a 4500
005 - DATE AND TIME OF LATEST TRANSACTION
control field 20170124103203.0
010 ## - LIBRARY OF CONGRESS CONTROL NUMBER
LC control number B-081066
020 ## - INTERNATIONAL STANDARD BOOK NUMBER
Terms of availability 00.00
International Standard Book Number 8176485284
035 ## - SYSTEM CONTROL NUMBER
System control number B-081066
037 ## - SOURCE OF ACQUISITION
Source of stock number/acquisition Cen Lib/Ret
040 ## - CATALOGING SOURCE
Original cataloging agency DPL
Language of cataloging HN
082 ## - DEWEY DECIMAL CLASSIFICATION NUMBER
Classification number 363.9
Item number जनस
245 ## - TITLE STATEMENT
Title जनसंख्या, पर्यावरण एवं विकास /
Statement of responsibility, etc संपादक दिनेश कुमार मिश्र
246 ## - VARYING FORM OF TITLE
Title proper/short title Jansankhya, paryavaran evam vikas /
Remainder of title sampadak Dinesh Kumar Mishra
250 ## - EDITION STATEMENT
Edition statement 4th ed
260 ## - PUBLICATION, DISTRIBUTION, ETC. (IMPRINT)
Place of publication, distribution, etc नयी दिल्ली
Name of publisher, distributor, etc ए.पी.एच. पब्लिशर्स कारपोरेशन
Date of publication, distribution, etc 2004
270 ## - ADDRESS
City नयी दिल्ली
Address 5, अंसारी रोड, दरियागंज
Postal code 110002
300 ## - PHYSICAL DESCRIPTION
Extent xxiv, 282पृ.
Dimensions 21सेमी (सजिल्द)
650 ## - SUBJECT ADDED ENTRY--TOPICAL TERM
Topical term or geographic name as entry element जनसंख्या वृद्धि
9 (RLIN) 1483
650 ## - SUBJECT ADDED ENTRY--TOPICAL TERM
Topical term or geographic name as entry element पर्यावरण और जनसंख्या वृद्धि
9 (RLIN) 82485
650 ## - SUBJECT ADDED ENTRY--TOPICAL TERM
Topical term or geographic name as entry element Population growth
9 (RLIN) 15363
650 ## - SUBJECT ADDED ENTRY--TOPICAL TERM
Topical term or geographic name as entry element Environmental and population growth
9 (RLIN) 92561
700 ## - ADDED ENTRY--PERSONAL NAME
Personal name मिश्र, दिनेश कुमार
9 (RLIN) 92562
942 ## - ADDED ENTRY ELEMENTS (KOHA)
Source of classification or shelving scheme Dewey Decimal Classification
Koha item type Hindi Books
Classification part 363.9
Call number suffix जनस
Holdings
Withdrawn status Lost status Damaged status Not for loan Home library Current library Date acquired Source of acquisition Cost, normal purchase price Total Checkouts Full call number Barcode Date last seen Copy number Cost, replacement price Price effective from Koha item type
        Central Library Central Library 28/09/2015 Cen Lib/Ret 0.00   363.9 जनस B-081066 28/09/2015 1 0.00 28/09/2015 Hindi Books

© Delhi Public Library
Hit Counter
free hit counter